Statistics for Anti-Hero - Taylor Swift (All Lyrics)

Click here to take the quiz!

General Stats

  • This quiz has been taken 36 times
    (22 since last reset)
  • The average score is 313 of 335

Answer Stats

Lyrics% Correct
(A
100%
a
100%
agrees
100%
agrees)
100%
agrees,
100%
at
100%
At
100%
but
100%
dream
100%
Everybody
100%
(Everybody
100%
everybody
100%
for
100%
(For
100%
from
100%
(Hi)
100%
hi
100%
I
100%
(I'm
100%
I'm
100%
in
100%
it
100%
It
100%
It's
100%
it's
100%
its
100%
last
100%
me,
100%
me)
100%
me
100%
mirror
100%
never
100%
problem
100%
problem,
100%
The
100%
the
100%
time)
100%
up
100%
always
94%
and
94%
And
94%
anti-hero
94%
as
94%
baby
94%
be
94%
become
94%
dreaming
94%
exhausting
94%
get
94%
have
94%
hill
94%
I'll
94%
is
94%
just
94%
Midnights
94%
monster
94%
must
94%
my
94%
old
94%
older,
94%
on
94%
out,
94%
out
94%
rooting
94%
screaming
94%
sexy
94%
sun,
94%
sun
94%
(Tale
94%
tale
94%
(Teatime),
94%
teatime
94%
teatime,
94%
then
94%
thing
94%
this
94%
wake
94%
where
94%
wiser
94%
you
94%
your
94%
you're
94%
afternoons
89%
big
89%
daughter
89%
directly
89%
feel
89%
hang
89%
leaving
89%
left
89%
Like
89%
like
89%
of
89%
people
89%
She
89%
some
89%
stare
89%
to
89%
Too
89%
watch
89%
When
89%
all
83%
'Cause
83%
city
83%
crisis
83%
depression
83%
devices
83%
Did
83%
got
83%
hear
83%
heart,
83%
Hell"
83%
killed
83%
kills
83%
laughing
83%
law
83%
money
83%
not
83%
One
83%
own
83%
prices
83%
scheming
83%
"She's
83%
shift,
83%
should
83%
slowly
83%
stand
83%
there
83%
thinks
83%
through
83%
tired
83%
us
83%
will
83%
with
83%
works
83%
come
78%
day,
78%
end
78%
favorite
78%
graveyard
78%
room
78%
screams
78%
someone
78%
them
78%
They
78%
altruism
72%
congressman?
72%
disguise
72%
ghosted
72%
I've
72%
kind
72%
life
72%
lose
72%
meaning
72%
narcissism
72%
Pierced
72%
'round
72%
Sometimes,
72%
toward
72%
vices
72%
covert
67%
family
67%
gathers
67%
lurching
67%
reads
67%

Score Distribution

Percentile by Number Answered

Percent of People with Each Score

Your Score History

You have not taken this quiz since the last reset